| 000 | 00437nam a22001817a 4500 | ||
|---|---|---|---|
| 999 |
_c478452 _d478452 |
||
| 003 | NUST | ||
| 005 | 20180531044219.0 | ||
| 008 | 180531b ||||| |||| 00| 0 eng d | ||
| 020 | _a9788120338982 | ||
| 038 | _aSNS Library | ||
| 082 | _a541.28 | ||
| 100 |
_aIra N Levine _910661 |
||
| 245 |
_aQuantum Chemistry _cIra N Levine |
||
| 250 | _a6th Ed. | ||
| 260 |
_aNew Delhi _bPHI _c2009 |
||
| 300 |
_a751 p. _bPb. |
||
| 942 |
_2ddc _cBK |
||